|
|
|
|
| LEADER |
00000nam0a2200000 4500 |
| 001 |
332543 |
| 005 |
20231102004451.0 |
| 010 |
|
|
|a 9785911511937
|
| 035 |
|
|
|a (RuTPU)RU\TPU\book\358489
|
| 090 |
|
|
|a 332543
|
| 100 |
|
|
|a 20170525d2014 m y0rusy50 ca
|
| 101 |
0 |
|
|a rus
|a eng
|
| 102 |
|
|
|a RU
|
| 105 |
|
|
|a a z 000zy
|
| 200 |
1 |
|
|a Музейный гид. Музей-мастерская А. С. Голубкиной, Третьяковская галерея. Москва
|f под ред. Н. Золотовой
|
| 210 |
|
|
|a Москва
|c Благотворительный фонд В. Потанина
|d 2014
|
| 215 |
|
|
|a 22 с.
|c ил.
|
| 225 |
1 |
|
|a Путеводители по музеям России
|
| 600 |
|
1 |
|a Голубкина
|b А. С.
|c российский скульптор
|f 1864-1927
|g Анна Семеновна
|2 stltpush
|3 (RuTPU)RU\TPU\pers\11984
|9 3092
|
| 606 |
1 |
|
|a Музеи
|2 stltpush
|3 (RuTPU)RU\TPU\subj\44560
|9 63873
|
| 610 |
1 |
|
|a путеводители
|
| 610 |
1 |
|
|a Россия
|
| 610 |
1 |
|
|a Третьяковская галерея
|
| 610 |
1 |
|
|a Музей-мастерская А. С. Голубкиной
|
| 610 |
1 |
|
|a скульптура
|
| 610 |
1 |
|
|a история
|
| 610 |
1 |
|
|a музейные коллекции
|
| 686 |
|
|
|a Ч77я73
|v LBC/SL-A
|2 rubbk
|
| 702 |
|
1 |
|a Золотова
|b Н.
|g Наталья
|4 340
|
| 801 |
|
1 |
|a RU
|b 63413507
|c 20170525
|
| 801 |
|
2 |
|a RU
|b 63413507
|c 20170602
|g RCR
|
| 942 |
|
|
|c BK
|